| 000 | 00666nam a2200241Ia 4500 | ||
|---|---|---|---|
| 005 | 20250425162209.0 | ||
| 008 | 250425s9999 xx 000 0 und d | ||
| 020 | _a075062342X | ||
| 041 | _aeng | ||
| 082 |
_a338 _pTRI |
||
| 100 | _aTribe, John | ||
| 245 | 0 |
_aThe economics of leisure and tourism : environments, markets and impacts _cJohn Tribe |
|
| 250 | _aFirst edition | ||
| 260 |
_aBoston _bButterwort-Heinemann _c1998 |
||
| 300 |
_a289 páginas _c24 cm. |
||
| 500 | _aIncluye índice | ||
| 650 | _aECONOMIA | ||
| 650 | _aEconomía - Turismo | ||
| 650 | _aTurismo - Economía | ||
| 902 |
_aMonográfico _cImpreso |
||
| 942 | _c01 | ||
| 010 | _a55516 | ||
| 999 |
_c224312 _d224312 |
||